000 00838nam a22002770a 4500
001 PT8217
003 AR-LpoUNG
005 20210131232311.0
008 191001s1991||||ag |||||||||||||||||spa d
020 _a9502520491
_c$2.50
040 _aAR-LpoUNG
_bspa
_cAR-LpoUNG
_eaacr
041 _aspa
044 _aag
082 0 _a320.01 725mun
100 1 _aDotti, Jorge Eugenio
_esel.
245 1 3 _aEl mundo de Juan Jacobo Rousseau
250 _a1§ edición
260 _aBuenos Aires :
_bCentro Editor de América Latina,
_cdiciembre de 1991.
300 _a176 p. :
_btbls., mapas
520 _aLa introducción, las notas, la selección de textos y traducción corresponden a Dotti, Jorge E.
650 4 _aFILOSOFIA
650 4 _aSOCIOLOGIA
651 4 _aDOCUMENTOS TEORICOS O METODOLOGICOS
905 _a8217
942 _cLIB
999 _c14806
_d14806